[Event "LSS OP-2009-0-00834"]
[Site "LSS email"]
[Date "2009.05.07"]
[Round "?"]
[White "Popov, Edward"]
[Black "Moman, Aaron"]
[Result "0-1"]
[WhiteElo "1614"]
[BlackElo "1827"]
[PlyCount "44"]
[EventDate "2009.05.02"]
[EventType "tourn (corr)"]
[EventRounds "4"]
[EventCountry "GER"]
[SourceTitle "Corr 2011"]
[Source "ChessBase"]
[SourceDate "2010.08.31"]
[SourceVersion "1"]
[SourceVersionDate "2010.08.31"]
[SourceQuality "1"]

1. d4 Nf6 2. c4 g6 3. Nc3 d5 4. cxd5 Nxd5 5. e4 Nxc3 6. bxc3 Bg7 7. Bc4 0-0 8. Ne2 Nc6 9. 0-0 b6 10. Be3 e5 11. Bd5 Qe8 12. dxe5 Be6 13. f4 Rd8 14. c4 Ne7 15. Nd4 Bd7 16. Qb3 c6 17. e6 Bxe6 18. Nxe6 Bxa1 19. Nxd8 cxd5 20. Rxa1 dxc4 21. Qxc4 Qxd8 22. Qa4 Qe8 0-1

[Event "LSS OP-2009-0-00822"]
[Site "LSS email"]
[Date "2009.04.22"]
[Round "?"]
[White "Popov, Edward"]
[Black "Gonzalez, Bolivar Ribeiro"]
[Result "0-1"]
[WhiteElo "1614"]
[BlackElo "2194"]
[PlyCount "36"]
[EventDate "2009.04.18"]
[EventType "tourn (corr)"]
[EventRounds "4"]
[EventCountry "GER"]
[SourceTitle "Corr 2011"]
[Source "ChessBase"]
[SourceDate "2010.08.31"]
[SourceVersion "1"]
[SourceVersionDate "2010.08.31"]
[SourceQuality "1"]

1. d4 Nf6 2. c4 c5 3. d5 b5 4. cxb5 a6 5. bxa6 Bxa6 6. Nc3 d6 7. Nf3 g6 8. g3 Bg7 9. Bg2 Nbd7 10. 0-0 0-0 11. Qc2 Qb6 12. Rb1 Ng4 13. Bf4 Rfb8 14. Rfc1 Bd4 15. Ne4 f5 16. h3 fxe4 17. Nxd4 cxd4 18. hxg4 d3 0-1

[Event "LSS OP-2009-0-00822"]
[Site "LSS email"]
[Date "2009.04.22"]
[Round "?"]
[White "Popov, Edward"]
[Black "Korystin, Pavel"]
[Result "1-0"]
[WhiteElo "1575"]
[BlackElo "800"]
[PlyCount "41"]
[EventDate "2009.04.18"]
[EventType "tourn (corr)"]
[EventRounds "4"]
[EventCountry "GER"]
[SourceTitle "Corr 2011"]
[Source "ChessBase"]
[SourceDate "2010.08.31"]
[SourceVersion "1"]
[SourceVersionDate "2010.08.31"]
[SourceQuality "1"]

1. d4 d5 2. c4 Nf6 3. cxd5 Qxd5 4. Nc3 Qa5 5. Nf3 Bg4 6. Ne5 Nbd7 7. Nxg4 Nxg4 8. e4 Ngf6 9. Bd2 e6 10. Nd5 exd5 11. Bxa5 dxe4 12. Bxc7 Bb4+ 13. Ke2 Nd5 14. Qb3 Nxc7 15. Qxb4 0-0-0 16. Rc1 Kb8 17. Qd6 Nc5 18. Qxc5 Rd7 19. Ke3 Re8 20. Bb5 Rd5 21. Qxc7+ 1-0

[Event "IECG CA.2007.0.00184 email"]
[Site "IECG email"]
[Date "2007.03.25"]
[Round "?"]
[White "Popov, Edward"]
[Black "Kirpikov, Alexander"]
[Result "0-1"]
[WhiteElo "2073"]
[BlackElo "2024"]
[PlyCount "30"]
[EventDate "2007.03.25"]
[EventType "tourn (corr)"]
[EventRounds "6"]
[SourceTitle "Corr 2024"]
[Source "ChessBase"]
[SourceDate "2023.10.19"]
[SourceVersion "1"]
[SourceVersionDate "2023.10.19"]
[SourceQuality "1"]

1. d4 Nf6 2. c4 g6 3. Nc3 Bg7 4. e4 d6 5. Be2 0-0 6. Nf3 e5 7. 0-0 Nc6 8. d5 Ne7 9. Ne1 Nd7 10. Nd3 f5 11. Bd2 Nf6 12. f3 f4 13. c5 g5 14. Rc1 Ng6 15. a4 Rf7 0-1

[Event "IECG CA.2007.0.00184 email"]
[Site "IECG email"]
[Date "2007.03.25"]
[Round "?"]
[White "Sarosy, Zoltan"]
[Black "Popov, Edward"]
[Result "1-0"]
[WhiteElo "2102"]
[BlackElo "2073"]
[PlyCount "29"]
[EventDate "2007.03.25"]
[EventType "tourn (corr)"]
[EventRounds "6"]
[SourceTitle "Corr 2024"]
[Source "ChessBase"]
[SourceDate "2023.10.19"]
[SourceVersion "1"]
[SourceVersionDate "2023.10.19"]
[SourceQuality "1"]

1. Nf3 d5 2. g3 Nf6 3. Bg2 c6 4. d3 Bg4 5. Nbd2 Nbd7 6. h3 e5 7. e4 Bd6 8. c3 0-0 9. Qc2 Re8 10. Nh4 Nc5 11. Ndf3 h6 12. hxg4 g6 13. Nxg6 fxg6 14. g5 hxg5 15. Nxg5 1-0

[Event "IECG OP.2006.0.00079"]
[Site "IECG email"]
[Date "2006.06.26"]
[Round "?"]
[White "Popov, Edward"]
[Black "Sen, Tuncay"]
[Result "0-1"]
[WhiteElo "2100"]
[BlackElo "1649"]
[PlyCount "74"]
[EventDate "2006.06.26"]
[EventType "tourn (corr)"]
[EventRounds "6"]
[SourceTitle "Corr 2008"]
[Source "ChessBase"]
[SourceDate "2008.06.24"]
[SourceVersion "1"]
[SourceVersionDate "2008.06.24"]
[SourceQuality "1"]

1. d4 d5 2. c4 e6 3. Nc3 c5 4. cxd5 exd5 5. Nf3 Nf6 6. g3 Nc6 7. Bg2 Be7 8. 0-0 0-0 9. Bg5 c4 10. Ne5 Be6 11. e4 Nxe4 12. Nxe4 Bxg5 13. Nc5 Nxe5 14. dxe5 Qc8 15. Nxe6 fxe6 16. f4 Be7 17. f5 Qd7 18. fxe6 Bc5+ 19. Kh1 Rxf1+ 20. Qxf1 Qxe6 21. Rd1 Rf8 22. Qe2 d4 23. Bxb7 d3 24. Qg2 Rd8 25. Qc6 Qxe5 26. Qe4 Qxe4+ 27. Bxe4 Rd4 28. Bf3 Kf7 29. Kg2 a5 30. Bb7 a4 31. a3 Rd6 32. Bf3 Bd4 33. Rd2 Ke6 34. Bd1 Be3 35. Bg4+ Ke5 36. Rd1 Kd4 37. Bf3 Rb6 0-1

[Event "IECG OP.2006.0.00078"]
[Site "IECG email"]
[Date "2006.06.24"]
[Round "?"]
[White "Baumann, Arend"]
[Black "Popov, Edward"]
[Result "1-0"]
[WhiteElo "1898"]
[BlackElo "2100"]
[PlyCount "39"]
[EventDate "2006.06.24"]
[EventType "tourn (corr)"]
[EventRounds "6"]
[SourceTitle "Corr 2008"]
[Source "ChessBase"]
[SourceDate "2008.06.24"]
[SourceVersion "1"]
[SourceVersionDate "2008.06.24"]
[SourceQuality "1"]

1. e4 e6 2. d4 d5 3. Nc3 Bb4 4. e5 c5 5. a3 Bxc3+ 6. bxc3 Ne7 7. Nf3 Qa5 8. Bd2 Qa4 9. dxc5 Nd7 10. c4 dxc4 11. c3 Qxd1+ 12. Rxd1 Nxc5 13. Bxc4 Bd7 14. Be2 Bc6 15. Nd4 Nd7 16. f4 0-0 17. Nxc6 Nxc6 18. Be3 Rfd8 19. Kf2 Nb6 20. Rxd8+ 1-0

[Event "IECG OP.2006.0.00078"]
[Site "IECG email"]
[Date "2006.06.24"]
[Round "?"]
[White "Just, Bent"]
[Black "Popov, Edward"]
[Result "1-0"]
[WhiteElo "1627"]
[BlackElo "2100"]
[PlyCount "51"]
[EventDate "2006.06.24"]
[EventType "tourn (corr)"]
[EventRounds "6"]
[SourceTitle "Corr 2008"]
[Source "ChessBase"]
[SourceDate "2008.06.24"]
[SourceVersion "1"]
[SourceVersionDate "2008.06.24"]
[SourceQuality "1"]

1. e4 e5 2. d4 exd4 3. Qxd4 Nc6 4. Qc4 Nf6 5. Nc3 Bb4 6. Bd2 0-0 7. 0-0-0 d6 8. Nd5 Bxd2+ 9. Rxd2 Nxd5 10. exd5 Ne5 11. Qf4 Ng6 12. Qd4 Qh4 13. Nf3 Qxd4 14. Nxd4 Re8 15. Bb5 Re7 16. Re2 Rxe2 17. Nxe2 Bf5 18. Ng3 Nh4 19. Nxf5 Nxf5 20. Re1 Kf8 21. Kd2 Nd4 22. Bd3 c6 23. Re4 c5 24. Rh4 g6 25. c3 Kg7 26. cxd4 1-0

[Event "IECG OP.2006.0.00074"]
[Site "IECG email"]
[Date "2006.06.21"]
[Round "?"]
[White "Popov, Edward"]
[Black "Slavin, Pablo"]
[Result "0-1"]
[WhiteElo "2100"]
[BlackElo "1326"]
[PlyCount "44"]
[EventDate "2006.06.21"]
[EventType "tourn (corr)"]
[EventRounds "6"]
[SourceTitle "Corr 2008"]
[Source "ChessBase"]
[SourceDate "2008.06.24"]
[SourceVersion "1"]
[SourceVersionDate "2008.06.24"]
[SourceQuality "1"]

1. d4 d5 2. c4 c6 3. e3 e6 4. Nc3 Nf6 5. Nf3 Be7 6. Qc2 0-0 7. Bd3 dxc4 8. Bxc4 b5 9. Bd3 Na6 10. a3 b4 11. Ne4 c5 12. Bxa6 Bxa6 13. Nxc5 Bxc5 14. Qxc5 bxa3 15. Qxa3 Bb5 16. Qc5 a6 17. Bd2 Ne4 18. Qe5 Bd3 19. Ra3 Nxd2 20. Rxd3 Nxf3+ 21. gxf3 Qb6 22. Rd2 Qb4 0-1

[Event "IECG OP.2006.0.00074"]
[Site "IECG email"]
[Date "2006.06.21"]
[Round "?"]
[White "Popov, Edward"]
[Black "Weiss, Frederic J Marie"]
[Result "0-1"]
[WhiteElo "2100"]
[BlackElo "1461"]
[PlyCount "46"]
[EventDate "2006.06.21"]
[EventType "tourn (corr)"]
[EventRounds "6"]
[SourceTitle "Corr 2008"]
[Source "ChessBase"]
[SourceDate "2008.06.24"]
[SourceVersion "1"]
[SourceVersionDate "2008.06.24"]
[SourceQuality "1"]

1. d4 g6 2. e4 c5 3. Nf3 cxd4 4. Nxd4 Nc6 5. Nc3 Bg7 6. Be3 Nf6 7. f3 0-0 8. Bc4 Qb6 9. Bb3 Nxe4 10. Nd5 Qa5+ 11. c3 Nc5 12. Nxc6 dxc6 13. Nxe7+ Kh8 14. Nxc8 Raxc8 15. 0-0 Rcd8 16. Qc2 Rfe8 17. Bf2 Qb5 18. Rad1 Nxb3 19. Qxb3 Qxb3 20. axb3 h5 21. Bxa7 Rxd1 22. Rxd1 Re2 23. Rd8+ Kh7 0-1